Pracovní síla v Česku stále zdražuje

Náklady práce v Českej republike rastú trvalo. Najdrahšia práca je v oblasti finančníctva. Členenie mesačných nákladov práce v Českej republike.

Na minha lista:
Detalhes bibliográficos
Formato: Capítulo de Livro
Idioma:tcheco
Assuntos:
Tags: Adicionar Tag
Sem tags, seja o primeiro a adicionar uma tag!

MARC

LEADER 00000naa a2200000 4500
001 0241590
005 20221104111612.3
041 0 |a cze 
044 |a CZ 
245 1 0 |a Pracovní síla v Česku stále zdražuje 
520 |a Náklady práce v Českej republike rastú trvalo. Najdrahšia práca je v oblasti finančníctva. Členenie mesačných nákladov práce v Českej republike. 
610 2 0 |a sily pracovné 
610 2 0 |a náklady mzdové 
610 2 0 |a náklady práce 
610 2 0 |a Česko